| 000 | 00630nam a2200181Ia 4500 | ||
|---|---|---|---|
| 003 | GCL | ||
| 008 | 140319s9999 xx 000 0 ara d | ||
| 040 |
_aGCL / _cGCL |
||
| 082 | 0 | 4 |
_a215.5 _bش ا |
| 100 | 1 | _aالشيخ الركابى | |
| 245 | 1 | 0 |
_aاشكالية الخطاب فى القراءة التاريخية لواقعة كربلاء / _cالشيخ الركابى |
| 300 | _a343 ص | ||
| 490 |
_aالهيئة العامة للاستعلامات _v0 |
||
| 650 | 0 | 4 | _aكربلاء |
| 650 | 0 | 4 | _aالدولة الاموية - مقاومة داخلية |
| 650 | 0 | 4 | _aالعلويون والامويون |
| 942 |
_2ddc _cBK |
||
| 999 |
_c50618 _d50618 |
||